[Event "RUS-Cup03 Geller Memorial"]
[Site "Moscow"]
[Date "1999.02.09"]
[Round "8"]
[White "Moiseenko, Alexander"]
[Black "Ovetchkin, Roman"]
[Result "1/2-1/2"]
[WhiteElo "2419"]
[BlackElo "2511"]
[Annotator "Stohl,I"]
[PlyCount "105"]
[EventDate "1999.02.10"]
[EventType "swiss"]
[EventRounds "9"]
[EventCountry "RUS"]
[SourceTitle "CBM 070"]
[Source "ChessBase"]
[SourceDate "1999.06.08"]
[SourceVersion "1"]
[SourceVersionDate "1999.06.08"]
[SourceQuality "1"]

1. d4 Nf6 2. c4 g6 3. Nc3 Bg7 4. e4 d6 5. f3 O-O 6. Be3 c5 7. Nge2 Nc6 8. d5
Ne5 9. Ng3 e6 10. Be2 exd5 11. cxd5 h5 12. O-O a6 (12... Nh7 13. h3 h4 14. Nh1
f5 15. Qd2 Bd7 (15... f4 16. Bxf4 g5 17. Be3 Ng6 18. Nf2 Be5 19. Bc4 Nf4 20.
Nd3 Qf6 21. Nxe5 Qxe5 22. Rf2 Bd7 23. a4 Rf7 24. Ne2 Nf8 25. Nc1 N8g6 26. Bf1
Re8 27. Ra3 b6 28. b4 Qf6 29. Nd3 $14 {Ward,C-McShane,L/Kilkenny/1996/}) (15...
g5 16. exf5 Bxf5 17. Nf2 Ng6 18. Nfe4 Nf4 19. Bxf4 gxf4 20. Qxf4 Be5 21. Qh6
Bxe4 22. Nxe4 Bf4 23. Qh5 Rc8 24. b3 Rc7 25. Bd3 Rg7 26. Rae1 Rff7 27. Kh1 Rf8
28. Re2 Nf6 29. Qf5 $16 {Ward,C-Wegener,D/Hamburg/1995/}) 16. Nf2 b5 17. f4 Nc4
18. Bxc4 bxc4 19. e5 dxe5 20. Bxc5 Re8 21. fxe5 Bxe5 22. Bd4 Qg5 23. Qxg5 Nxg5
24. Bxe5 Rxe5 25. Rae1 Rae8 26. Rxe5 Rxe5 27. Nfd1 Nf7 28. Rf4 $14 {Ward,
C-Conquest,S/Hastings/1995/}) (12... Re8 $5 13. Qd2 h4 14. Nh1 Nh7 15. Nf2 f5
16. Rae1 a6 (16... Bd7 17. Kh1 Kh8 18. exf5 gxf5 19. Nh3 Ng6 20. Nf4 Nxf4 21.
Bxf4 Qb6 22. Bd3 Be5 23. Nd1 Rac8 24. Bxe5+ dxe5 25. Ne3 Qf6 26. Qc2 Rf8 27.
Nc4 $36 {Sakaev,K-Zakharevich,I/Kazan/1995/}) 17. a3 Qf6 18. Nh3 Nf7 19. Nf4 b5
20. exf5 Bxf5 21. Bd3 Ne5 22. Ne4 Qd8 23. Be2 Nf7 24. h3 Nf6 25. Bd3 Ne5 26.
Nxf6+ Qxf6 27. Bxf5 Nc4 28. Qf2 Qxf5 $15 {Topalov,V-Glavina,P/St.Cugat/1992/})
13. Qd2 $5 {It's not typical for White to ignore Black's << expansion with b5
in Benoni positions. But in this case he doesn't want to lose time and
prepares action in the [+] and against Black's K.} (13. a4 Nh7 (13... Bd7 14.
h3 h4 15. Nh1 b5 16. Bg5 Qb6 17. a5 Qb7 18. Bxh4 Rab8 19. Nf2 Nc4 20. Qc1 Qc7
21. Bxc4 bxc4 22. Nfd1 Rb4 23. Be1 Nh5 24. Ne2 f5 25. exf5 gxf5 26. Bc3 $1 Nf6
27. Qg5 $18 {McDonald,N-Wallace,J/Budapest/1995/}) (13... Rb8 14. h3 Re8 15. f4
Ned7 16. e5 $5 dxe5 17. f5 e4 18. fxg6 fxg6 19. d6 $44 {Fedorowicz,J-Aguera
Naredo,J/Candas/1992/}) 14. Qd2 h4 15. Nh1 f5 16. Nf2 Re8 $5 (16... Qf6 17.
exf5 gxf5 18. Nh3 Ng6 19. f4 Bd7 20. Bf2 Rfe8 21. a5 Re7 22. Kh1 Bh6 23. Rab1
Rc8 24. Rg1 Nhf8 25. g3 Rg7 26. Bf3 $14 {/~~,Razuvaev,Y-Bucher,D/Bern/1998/}) (
16... b6 $5 17. Rae1 Ra7 18. f4 Nf7 19. exf5 gxf5 20. Nh3 Qf6 21. Bd3 Nh6 22.
Kh1 Ng4 23. Bg1 Qf7 24. Re2 Re8 25. Rfe1 Rae7 $11 {Novak,P-Michalek,J/Prague
CS-ch/1992/}) (16... fxe4 17. Nfxe4 Bf5 18. Bh6 Rb8 19. Bxg7 Kxg7 20. f4 Nf7
21. Nf2 Nf6 22. Bf3 Qa5 23. Rfe1 Rfe8 24. g4 hxg3 25. hxg3 Nh6 26. Nce4 Qxd2
27. Nxd2 {Kaspi,A-Har Zvi,R/Tel Aviv/1996/} b5 $132) (16... Bd7 17. Kh1 Re8 18.
exf5 gxf5 19. Nh3 Ng6 20. Rfe1 Qf6 21. f4 Re7 22. Bh5 Bh6 23. Bf2 Rae8 24. Bxg6
Qxg6 25. Bxh4 Rxe1+ 26. Rxe1 b5 $44 {Vyzmanavin,A-Georgiev,Kir/Elenite/1993/})
17. Kh1 Rb8 18. Rg1 Kh8 19. g3 b5 20. axb5 axb5 21. gxh4 Qxh4 22. Rg3 b4 23.
Ncd1 Bd7 $132 {Vyzmanavin,A-Georgiev,Kir/Groningen/1993/}) 13... b5 $6 {
Black can't achieve anything on the << in the middlegame.} (13... Nh7 $142 $5
14. Bh6 h4 15. Nh1 g5 $1 16. Bxg7 Kxg7 17. Nf2 (17. f4 gxf4 18. Qxf4 Qg5 $15)
17... Qf6 $13 {1/2,Pigott,J-Olesen,M/London/1994/}) 14. Bh6 h4 15. Nh1 Nh7 16.
Bxg7 Kxg7 17. f4 $1 $36 {->>>} Nd7 18. Nf2 g5 (18... b4 19. Ncd1 Ndf6 20. Ne3
$16) 19. Ng4 b4 (19... gxf4 20. Qxf4 Qe7 21. Qh6+ Kg8 22. Rf4 $16 {->}) (19...
Ndf6 20. Ne3 b4 21. e5 $5 bxc3 22. exf6+ Qxf6 23. bxc3 $36) 20. Nd1 Ndf6 21.
Ndf2 (21. Nxf6 $142 $5 Qxf6 (21... Nxf6 22. Nf2 $36 (22. e5 dxe5 23. fxg5 Ne4
$132)) 22. Ne3 $1 $14 {/\} Re8 23. Nc4 Rxe4 24. fxg5 Qxg5 25. Rxf7+ $1 Kxf7 26.
Nxd6+) 21... Re8 22. Nxf6 Qxf6 23. f5 $5 (23. fxg5 Qxg5 $13) 23... Bd7 (23...
Qd4 24. Qxd4+ (24. Qc2 Nf6 $15) 24... cxd4 25. Bf3 (25. Rad1 Bxf5) 25... Bd7
26. Rfd1 Rac8 27. Rxd4 a5 $44) 24. Rad1 (24. Ng4 $6 Qd4+ 25. Qxd4+ cxd4 $15)
24... Qe5 $2 {Exposes the Q} (24... Qe7 $142 $5 $13 {If Black manages to
prevent e5 and get his passive Nh7 to better square, his strategic perspective
is very good.}) 25. Rfe1 (25. Ng4 $2 Qxe4 26. f6+ Kh8 27. Bf3 Qg6 $19) 25...
Bb5 (25... f6 26. Bh5 Re7 27. Ng4 Qd4+ (27... Qf4 28. Re3 $1 Rxe4 29. Rf1 Rxe3
30. Rxf4 gxf4 31. Nxe3 fxe3 32. Qxe3 Bxf5 33. Qf4 $18) 28. Qxd4 cxd4 29. Rxd4
Bxf5 30. Rxb4 $16) 26. Bf3 a5 (26... f6 $2 27. Ng4 Qe7 (27... Qf4 28. Qf2 {
/\g3+-}) 28. e5 $1 $16) 27. Ng4 Qf4 28. Qxf4 (28. Qf2 $2 Nf6 $1 29. Nxf6 Kxf6
30. g3 hxg3 31. hxg3 Qe5 $17) 28... gxf4 29. e5 $1 $36 dxe5 $8 30. d6 e4 (30...
Rad8 31. Rxe5 Rxe5 32. Nxe5 $16 {/\Rd5}) 31. Rxe4 Rxe4 32. Bxe4 Re8 33. Bb7 (
33. d7 $2 Bxd7 34. Rxd7 Rxe4 35. Rd5 (35. Ra7 Re2 $17) 35... Nf6 36. Nxf6 Kxf6
37. Rxc5 Re5 $15) 33... Bd7 (33... Be2 $2 34. Re1) 34. Rd5 c4 $1 35. Kf2 (35.
Rxa5 $142 $5 c3 (35... Re1+ 36. Kf2 Rb1 37. f6+ $1 $18) (35... Nf6 36. Nxf6
Kxf6 37. Rc5 Re1+ 38. Kf2 Rb1 39. Bc8 Rxb2+ 40. Kf3 Bxc8 41. Rxc8 Rd2 42. Rxc4
Rxd6 43. Rxb4 $16) 36. bxc3 bxc3 37. Rc5 Bxf5 38. Rxf5 c2 39. Rc5 Re1+ 40. Kf2
c1=Q 41. Rxc1 Rxc1 42. d7 Rd1 43. Bc6 $14) (35. f6+ Kg8 $5 (35... Nxf6 36. Rg5+
$18) 36. Ne5 Nxf6 37. Rxa5 c3 38. bxc3 bxc3 39. Rc5 Ba4 $132) 35... Nf6 36.
Nxf6 Kxf6 37. Rc5 Bxf5 38. Rxc4 Rd8 39. Rxf4 Ke5 $1 {[]} (39... Rxd6 $2 40. Bc8
(40. Be4 Ke5 41. Ke3 Bg6 $5 $132) 40... Rd5 41. g4 hxg3+ 42. Kxg3 $18 {_|_P}) (
39... Kg5 40. Rd4 $16) 40. Rxh4 Rxd6 41. Ke2 Bb1 42. a3 Rb6 43. Bf3 bxa3 44.
bxa3 Rb2+ 45. Kd1 (45. Ke3 Rb3+ $11) 45... Ra2 46. Kc1 (46. a4 Bc2+ $11) 46...
Bd3 47. Ra4 f5 48. Rxa5+ Kd4 $44 {Despite being 2 pawns down Black has
sufficient <=>. A good example of active defence.} 49. Kd1 (49. h4 Kc3 50. Rc5+
Bc4 51. Kb1 Rf2 (51... Rb2+ $11) 52. Rxc4+ Kxc4 53. h5 Kb3 54. Bd5+ Kxa3 55. h6
Rf1+ 56. Kc2 Rh1 57. Be6 $11) 49... Ke3 50. Re5+ (50. Kc1 Rc2+ 51. Kd1 Ra2 $11)
50... Be4 $5 (50... Kd4 51. Re8 Rxa3 52. Ke1 $14) 51. Bxe4 (51. Kc1 Rc2+ $11)
51... fxe4 {[%csl Ge4] o^e4} 52. Rg5 Kd3 (52... Ra1+ 53. Kc2 Kf2 $5 $44) 53.
Rd5+ (53. Rd5+ Ke3 54. Rg5 $11) 1/2-1/2

[Event "Elenite"]
[Site "Elenite"]
[Date "1993.??.??"]
[Round "2"]
[White "Sokolov, Ivan"]
[Black "Smirin, Ilia"]
[Result "1/2-1/2"]
[WhiteElo "2610"]
[BlackElo "2640"]
[Annotator "Stohl,I"]
[PlyCount "109"]
[EventDate "1993.??.??"]
[EventType "tourn"]
[EventRounds "11"]
[EventCountry "BUL"]
[EventCategory "14"]
[SourceTitle "CBM 038"]
[Source "ChessBase"]
[SourceDate "1994.02.01"]
[SourceVersion "1"]
[SourceVersionDate "1994.02.01"]
[SourceQuality "1"]

1. d4 {Belov} Nf6 2. c4 g6 3. Nc3 Bg7 4. e4 d6 5. f3 O-O 6. Bg5 c5 7. d5 e6 8.
Nge2 (8. Qd2 h6 9. Be3 exd5 10. cxd5 a6 11. a4 (11. Rc1 $6 Re8 12. b3 b5 13.
Bd3 b4 14. Nd1 a5 15. Ne2 a4 16. O-O axb3 17. axb3 Kh7 18. Bf2 Nbd7 19. Ne3 Nb6
20. Rfe1 Ra3 $132 {Yusupov,A-Gelfand,B/Munich/1993/}) 11... Nh7 12. Bd3 Nd7 13.
Nh3 Ne5 14. Nf2 Nxd3+ 15. Nxd3 Bd7 16. O-O h5 17. Rab1 b5 18. axb5 axb5 19. b4
c4 20. Nf4 Ra3 21. Nfe2 Qc7 22. Bd4 Bxd4+ 23. Nxd4 Qb6 24. Kh1 Rfa8 25. f4 Nf6
$13 {Ionescu,C-Ardeleanu,A/Bucharest Tim/1993/}) (8. Qd2 {Belov}) 8... h6 9.
Be3 exd5 10. cxd5 h5 (10... a6 11. a4 Nbd7 12. Ng3 h5 13. Be2 h4 14. Nf1 Nh7 (
14... Ne5 $5 15. Nd2 Bd7 16. Bg5 h3 17. g3 (17. g4 $5) 17... Qb6 18. Ra2 c4 19.
Nf1 Qc7 20. a5 Bb5 21. Be3 Nfd7 $36 {Estremera,S-Miguel,V/Pontevedera/1992/})
15. g4 $5 $146 (15. Nd2 f5 16. exf5 gxf5 17. f4 Re8 18. Bf2 Qe7 19. Nf3 h3 $1 (
19... Bf6 20. Qd2 Ndf8 21. O-O Ng6 22. Rfe1 Qg7 23. Ra3 Rb8 24. Rb3 b6 $13 {
Cebalo,M-Braga,F/Opatija/1985/}) 20. gxh3 Ndf6 21. Rg1 Ne4 22. Nxe4 fxe4 23.
Ng5 Nxg5 24. Rxg5 e3 25. Bg3 Qe4 $36 {Bykhovsky,Av-Gleizerov,E/USSR/1986/})
15... f5 16. gxf5 gxf5 17. exf5 Rxf5 18. Rg1 Kh8 19. Qc2 Qf8 20. f4 Ndf6 21.
Bd3 Nh5 $1 22. a5 Nxf4 23. Bxf4 Rxf4 24. Bxh7 Bg4 $36 {Sokolov,I-Georgiev,Ki/
Elenite/1993/}) (10... Nbd7 11. Nc1 (11. Nf4 a6 12. a4 Ne5 13. Nd3 Nc4 14. Bc1
Nd7 15. Nf2 Na5 16. Be2 Qb6 17. Ra3 f5 18. exf5 gxf5 19. O-O Ne5 $13 {0,5/
Rajkovic,D-Vukic,M/Arandjelovac/1991/}) 11... Re8 (11... Ne5 12. Be2 h5 13. O-O
a6 14. a4 Nh7 15. h3 f5 16. f4 Nf7 17. exf5 Bxf5 18. Nd3 b5 19. Rc1 b4 20. Nb1
Nf6 21. Bf3 Re8 22. Re1 Ra7 $15 {Oral,T-Kaminski,M/WCH B-16/1993/}) 12. Be2 a6
13. a4 Nh7 14. Qd2 Ne5 15. O-O h5 16. N1a2 f5 17. Kh1 Nf6 18. exf5 Bxf5 19.
Rfe1 Rc8 20. Rac1 Nf7 21. b3 Rc7 22. Bc4 Rce7 $15 {Rajkovic,D-Gschnitzer,O/BL
9091/1991/}) 11. Nf4 Nbd7 12. Be2 a6 13. a4 (13. Qd2 {Belov} b5 14. Rc1 Ne5 15.
b3 Re8 16. O-O Bd7 (16... h4 17. Nd1 Bd7 18. Nf2 a5 19. N4h3 c4 20. bxc4 Nxc4
21. Bxc4 bxc4 $13 {Sadler,M-Polgar,J /Hastings/1992 Inf 56/84/}) 17. Nd3 (17.
Kh1 Qe7 18. Rfe1 h4 19. Nd1 a5 20. Nf2 b4 {Sulipa,A-Renet,O /Groningen/1991
Inf 53/88/} 21. N4h3 $1 $14 {Sulipa/}) (17. Rfe1 b4 18. Nd1 a5 19. Nb2 a4 20.
Nfd3 axb3 21. axb3 Nxd3 22. Bxd3 Ra2 23. Rc2 Qb8 24. Nc4 Rxc2 25. Qxc2 $14 {
Krutti,V-Belov,I /Cheliabinsk/1991/}) 17... Nxd3 18. Bxd3 b4 19. Nd1 Bb5 20.
Bg5 Qb8 21. Ne3 $14 {Yusupov,A-Dolmatov,S /Wijk aan Zee/1991 Inf 51/72/}) 13...
Ne5 (13... Nh7 14. O-O Ne5 15. Kh1 Bd7 16. Qc1 Qe7 17. a5 Qe8 18. Qc2 Bb5 19.
Na4 Nf6 20. Nb6 Rb8 21. b4 cxb4 22. Rab1 Nfd7 $13 {Matamoros,C-Danailov,S/
Benidorm op/1992/}) 14. O-O (14. Qd2 {Belov} Qa5 15. O-O c4 (15... Bd7 $5) 16.
Nb1 $1 Qc7 17. Na3 Nfd7 18. Rfc1 Nc5 19. Bd1 f5 $1 {Ionescu,Co-Sorin,A /El
Vendrell/1992 Inf 56/84/} 20. Nxc4 $1 $14) 14... Bd7 15. Qd2 Rb8 (15... Nh7 16.
Rab1 f5 17. b4 $14) (15... g5 $5 16. Nh3 Bxh3 17. gxh3 Nh7 $13) 16. a5 Ne8 (
16... Qe8 $5 {Belov}) 17. Na4 (17. b3 $5 {Belov} Nc7 18. Rab1 Bb5 (18... Nb5
19. Na4 Re8 20. Nb6) 19. Na4 Re8 20. Nb6 $13) 17... Bxa4 (17... Bb5 18. Nb6 Nd7
19. Nc4 $14) 18. Rxa4 Nc7 19. Nd3 (19. b4 $5 Qd7 20. Ra2 $14 (20. Ra2 {Belov}
c4 21. Rc1 $5)) 19... Nd7 20. Rc4 (20. b4 $2 b5 $36) 20... b5 21. axb6 Nxb6 22.
Rcc1 Nb5 $132 23. Kh1 Rc8 (23... Nd4 24. Bxd4 Bxd4 25. b4 $14) 24. Nf2 (24. Ra1
{Belov} c4 25. Nb4 c3 $17) 24... Re8 25. Ra1 Ra8 26. Ra2 (26. Rxa6 $6 Rxa6 27.
Bxb5 Ra2 28. Bxe8 Qxe8 $15) 26... Nd4 $5 27. Rxa6 (27. Bxa6 $6 Ra7 $44) 27...
Rxa6 28. Bxa6 Qa8 29. Bd3 Qa2 $132 30. Nd1 Nc4 (30... Na4 $6 {Belov} 31. Nc3
Nxc3 32. bxc3 Qxd2 33. Bxd2 Nb3 34. Bf4 $16) 31. Bxc4 Qxc4 32. Re1 Be5 (32...
Rb8 $5 $44) (32... Rb8 {Belov} 33. Bf4 Rb6 $44) 33. Nf2 Rb8 34. Nd3 Bg7 35. Bf4
Rb6 (35... Rb3 36. Rd1 Qa6 $13 {/\c4}) 36. h3 Qb3 (36... Kh7 $5 {Belov}) 37. e5
$1 dxe5 (37... Qxd5 38. exd6 Nf5 39. Nxc5 $1 Qxd2 40. Bxd2 Rxd6 41. Ne4 $14)
38. Rxe5 (38. Bxe5 $5 Qxd5 (38... Bxe5 {Belov} 39. Rxe5 Kg7 $15) 39. Bxg7 Kxg7
40. Re5 Qd6 41. Rxc5 $14 {/\} Nb3 42. Qc3+) 38... Bxe5 39. Bxe5 Nxf3 $5 (39...
Nf5 40. Nxc5 (40. Qg5 $2 Qxd5 $1 $17) 40... Qb4 41. Qxb4 Rxb4 42. d6 Nd4 43. d7
Nc6 44. Bf6 $14) (39... Kh7 $2 {Belov} 40. Nxc5 Qxb2 41. Qxb2 Rxb2 42. Bxd4 $18
) 40. gxf3 Qxd5 {/\c4,Qf3} 41. Qh6 (41. Qe2 {Belov} Re6 $19) (41. Kg2 {Belov}
f6 42. Bc3 Rd6 $19) 41... Qxf3+ 42. Kh2 f6 (42... Qe2+ 43. Kg1 Qd1+ 44. Kf2
Qc2+ 45. Ke3 $14) 43. Qxg6+ Kh8 44. Qe8+ Kg7 45. Qd7+ Kh6 46. Bf4+ Kg6 47. Bc1
(47. Qe8+ Kg7 48. Qe7+ Kg6 $10) 47... Rb7 48. Qe8+ (48. Nf4+ $4 Qxf4+ $19)
48... Kg7 49. Ne1 Qf5 50. Ng2 Qe5+ $10 51. Qxe5 fxe5 52. Kg3 Rb3+ 53. Ne3 Kf6
54. Kf2 Ke6 55. Kf3 (55. Kf3 c4 56. Ke4 c3 57. bxc3 Rxc3 58. Bb2 Rc5 $10)
1/2-1/2

[Event "CZE-ch"]
[Site "Zlin"]
[Date "1998.06.21"]
[Round "9"]
[White "Haba, Petr"]
[Black "Gross, David"]
[Result "1-0"]
[WhiteElo "2570"]
[BlackElo "2425"]
[Annotator "Stohl,I"]
[PlyCount "81"]
[EventDate "1998.06.13"]
[EventType "tourn"]
[EventRounds "11"]
[EventCountry "CZE"]
[EventCategory "9"]
[SourceTitle "CBM 066"]
[Source "ChessBase"]
[SourceDate "1998.09.30"]
[SourceVersion "1"]
[SourceVersionDate "1998.09.30"]
[SourceQuality "1"]

1. d4 {Kortschnoj} Nf6 2. c4 g6 3. Nc3 Bg7 4. e4 d6 5. f3 O-O 6. Be3 c5 7. Nge2
{White is not interested in a theoretical duel after} (7. dxc5 dxc5 8. Qxd8
Rxd8 9. Bxc5 Nc6 {and declines the once very popular pawn sacrifice. Thus he
steers the game from a Saemisch King's Indian into Benoni waters.}) 7... Nc6 8.
d5 Ne5 9. Ng3 e6 10. Be2 exd5 11. cxd5 h5 12. O-O Nh7 13. Qd2 h4 (13... Re8 $14
{Kortschnoj}) (13... Bd7 $14 {Kortschnoj}) 14. Nh1 g5 $5 {[%csl Ge5]
Black-square play.Black consolidates his outpost on e5, as preparing f4 by g3
is hardly feasibly in this position. A complex strategical battle commences.} (
{But a different and more active approach is also possible:} 14... f5 $5 15.
Nf2 Re8 (15... Qe7 16. Rae1 a6 17. f4 Nf7 18. Bd3 Qc7 19. a4 Bd7 20. Nh3 Rae8
21. Bf2 c4 22. Bb1 b5 23. axb5 axb5 24. exf5 gxf5 25. Bxh4 Nf6 26. Bf2 b4 27.
Na2 Ne4 28. Bxe4 fxe4 29. Bd4 Bxd4+ 30. Qxd4 Qc5 $1 $44 {Ibragimov,I-Kaminski,
M/Groningen op/1991/}) 16. Kh1 (16. Rad1 Bd7 17. b4 b6 18. Rb1 Qf6 19. bxc5
bxc5 20. Rb7 Bc8 21. Rb3 Bd7 22. Rfb1 g5 23. exf5 Bxf5 24. Rf1 Qg6 25. h3 Rab8
26. Ra3 Re7 27. Ra6 Bc8 28. Ra4 Reb7 $13 {Khenkin,I-Schmidt,W/POL-chT Krynica/
1997/}) 16... Bd7 17. Rad1 a6 18. f4 Nf7 19. e5 dxe5 20. Bxc5 Rc8 21. Ba3 e4
22. Qe3 Qa5 23. Rc1 b5 24. Bc5 Bf8 25. Bxf8 Nxf8 26. a3 b4 27. axb4 Qxb4 28.
Bxa6 Ra8 29. Ra1 $44 {1/2,Razuvaev,Y-Georgiev,K/Cetinje tt/1991/}) 15. Nf2 (15.
f4 {leads to the game postion after} gxf4 16. Bxf4 Bd7 (16... h3 17. Ng3 $5
hxg2 18. Rf2 $36) 17. a4 Qf6 18. Nf2 Rae8 19. Kh1 a6 $6 {[%csl Rb6] ><b6} (
19... Qg6 $142 $132) 20. Ra3 Qg6 21. Qd1 Kh8 22. Rb3 Bc8 23. Bh5 Qf6 24. Ng4 $1
Nxg4 25. Bxg4 Bh6 26. Qc1 Bxf4 27. Rxf4 Qg5 28. Bxc8 Rxc8 29. Rxb7 $18 {
Sammalvuo,T-Bekker Jensen,S/Copenhagen Politiken/1998/}) 15... Bd7 (15... Qf6
$5 16. Rac1 Bd7 17. b3 Qg6 18. Nd3 f5 $1 19. f4 Nxd3 20. Bxd3 Bxc3 21. Rxc3
fxe4 22. Bb1 Qf5 (22... g4 $5 23. Bf2 $13) 23. h3 Rae8 24. b4 b6 25. Ra3 Bb5
26. Rf2 gxf4 27. Rxf4 Qe5 28. Bxe4 Rxf4 29. Bxh7+ Kxh7 30. Bxf4 Qa1+ 31. Kh2
Re2 $15 {Haba,P-Schulman,J/CS-chT/1998/}) 16. Kh1 {Useful prophylaxis.} ({
Less to the point is} 16. a4 Qf6 17. f4 gxf4 18. Bxf4 Qg6 19. Nd3 h3 $1 20. Bf3
Rae8 21. Rae1 Kh8 22. Kh1 Rg8 23. Nxe5 Bxe5 24. g3 Ng5 25. Bd1 Re7 26. Bxe5+
Rxe5 27. Rf4 Rge8 $40 {[%csl Rh1] עh1,Fuhrmann,D-B�nermann,V/BL9798/1998/})
16... Qf6 (16... Ng6 $5 {[%csl Yf4] Kortschnoj}) 17. f4 (17. Rae1 Kh8 $5 (17...
Rab8 18. f4 gxf4 19. Bxf4 b5 20. Nd3 Nc4 21. Qc1 Qg6 22. b3 Nb6 23. Bd2 Nf6 24.
Nf4 Qh7 25. e5 dxe5 26. Bd3 Qh8 27. Rxe5 c4 $13 {Piket,J-Glek,I/NLD-chT/1996/})
18. f4 gxf4 19. Bxf4 Qg6 20. Nd3 Rae8 21. Nxe5 Bxe5 22. Bxe5+ Rxe5 23. Qf4 Rg8
24. Rf2 h3 25. g3 Ng5 26. Ref1 Rg7 27. Kg1 Kg8 28. Bg4 Be8 29. Bf5 Qf6 30. Qe3
Qe7 31. Rf4 b5 32. a3 a5 33. Nd1 b4 34. axb4 axb4 35. Re1 Bd7 $17 {Khenkin,
I-Glek,I/Porto San Giorgio op/1997/}) 17... gxf4 18. Bxf4 Rae8 19. Nd3 $5 $146
{Quite logically White immediately challenges the strong Ne5. But as the
preceding practical examples have shown, Black has little to fear and also in
this game he loses only due to a tactical mistake later on.} (19. Rae1 Qg6 20.
Nd3 Nc4 21. Qc1 b5 22. Nf2 f5 23. Nxb5 Bxb5 24. Bxc4 Bxb2 25. Qxb2 Bxc4 26.
exf5 Rxf5 27. Rxe8+ Qxe8 28. Ng4 Qg6 $1 29. Qc2 Qxg4 $15 {Haba,P-Pisk,P/CZE-ch
Zlin/1998/}) (19. g3 Kh8 20. Rg1 Rg8 21. Raf1 hxg3 22. hxg3 Ng6 23. Be3 Qe7 24.
a4 a6 25. a5 Be5 26. Ng4 Bxg3 $1 27. Rxg3 Ne5 28. Rh3 Bxg4 29. Bxg4 Nxg4 $17 {
Khenkin,I-Glek,I/NRW-Cup Masters op/1997/}) (19. Rae1 $5 {Kortschnoj}) 19...
Qg6 ({Probably even} 19... Nc4 $5 20. Qc2 {[%cal Rd3c5,Rf4e5] /\Nc5,Be5} (20.
Qc1 $2 Nxb2 $17) 20... Qd4 $8 {[%cal Yc4e3] /\Ne3} (20... Nxb2 $2 21. Be5 $18 (
21. Bd2 $18)) (20... b5 {Kortschnoj} 21. Rae1 b4 22. Nd1 $16 Rxe4 $4 23. Nxc5
$18) 21. Rae1 $1 f5 $5 $13 {was possible.} (21... Ne3 22. Bxe3 Qxe3 23. Bg4 $18
) (21... Nxb2 22. Qxb2 Qxc3 23. Qxb7 c4 24. Nf2 $16)) 20. Nxe5 Bxe5 21. Bh6 Bg7
22. Bxg7 Kxg7 23. Rf4 Qg5 (23... h3 $2 24. gxh3 {[%cal Gg1g8] <->g->}) 24. Raf1
f5 $5 $132 25. Bd3 {Suddenly the position opens up and becomes full of
tactical tricks.} (25. exf5 Rxf5 26. Bd3 Rxf4 27. Rxf4 Nf6 $15) 25... fxe4 (
25... Nf6 26. exf5 Re5 27. Qf2 Ng4 28. Qf3 $16) 26. Nxe4 Qxd5 27. Qc3+ Re5 $8 (
27... Qe5 28. Nxd6 $1 Qxc3 (28... Re7 29. Rf7+ $1 $18) 29. Nxe8+ $18) (27...
Qd4 28. Nxd6 Rxf4 29. Rxf4 $1 Re1+ (29... Qxc3 30. Nxe8+ Bxe8 31. bxc3 $18) 30.
Qxe1 Qxf4 31. Qe7+ $18) (27... Kg8 28. Bc4 $18) (27... Kh6 {Kortschnoj} 28.
Rxf8 Rxf8 29. Rxf8 Nxf8 30. Qh8+ Nh7 31. Qxh7+ Kxh7 32. Nf6+ $18) 28. Rxh4 Bf5
$2 {An oversight.} (28... Rxf1+ $142 29. Bxf1 Bf5 30. Ng3 Nf6 $5 $14 {[%csl
Rg7] <=> White is maybe somewhat better due to Black's uncovered K, but this
advantage is minimal at best.}) 29. Rxf5 $1 Rfxf5 30. Rxh7+ $1 Kg8 (30... Kxh7
31. Nf6+ Kh6 32. Nxd5 {and White's basic rank is protected.}) 31. h3 $18 {
-> White has extra material and an attack. The game is over.} b5 32. Rxa7 c4
33. Bc2 Kf8 34. Rd7 $138 (34. Qg3 Rf7 35. Nf6 $1 $18) 34... Rf1+ 35. Kh2 Rc1
36. Qe3 Qe6 37. Qxc1 (37. Rxd6 $1 Qxd6 38. Qf4+ $18) 37... Qxd7 38. Qh6+ Qg7 $8
(38... Ke7 39. Qf6+ $18) (38... Kf7 39. Qh7+ Ke6 40. Qg6+ $18) 39. Qxd6+ Re7 (
39... Kf7 40. h4 $5 $18) 40. Qb8+ Re8 41. Qf4+ (41. Qf4+ Ke7 42. Nd6 $18) 1-0